01757cam a22002898i 450000100090000000300050000900500170001400800410003101000170007202000300008904000230011908200150014210000380015724501020019526300090029726400330030630000130033933600260035233700280037833800270040650506880043363000250112165000430114665000440118965000460123377601880127920520428NUST20221107162228.0180529s2019 nju b 001 0 eng  a 2018025509 a9781119465812 (hardcover) aDLCbengerdacDLC00a519.53,DEN1 aDenis, Daniel J.,d1974-eauthor.10aSPSS data analysis : bfor univariate, bivariate, and multivariate statistics /cDaniel J. Denis. a1808 1aHoboken, NJ :bWiley,c2019. apages cm atextbtxt2rdacontent aunmediatedbn2rdamedia avolumebnc2rdacarrier aReview of Essential Statistical Principles (Page-1), Introduction to SPSS (Page-9), Exploratory Data Analysis, Basic Statistics, and Visual Displays (Page-19), Data Management in SPSS (Page-33), Inferential Tests on Correlations, Counts, and Means (Page-41), Power Analysis and Estimating Sample Size (Page-63), Analysis of Variance: Fixed and Random Effects (Page-69), Repeated Measures ANOVA (Page-91), Simple and Multiple Linear Regression (Page-103), Logistic Regression (Page-131), Multivariate Analysis of Variance (MANOVA) and Discriminant Analysis (Page-141), Principal Components Analysis (Page-163), Exploratory Factor Analysis (Page-175), Nonparametric Tests (Page-191), 00aSPSS (Computer file) 0aAnalysis of variancexData processing. 0aMultivariate analysisxData processing. 0aMathematical statisticsxData processing.08iOnline version:aDenis, Daniel J., 1974- author.tSPSS data analysis for univariate, bivariate, and multivariate statisticsdHoboken, NJ : Wiley, 2019z9781119465805w(DLC) 2018029180